|
|
|
|
| LEADER |
00737nta a2200193 i 4500 |
| 001 |
dipl133796 |
| 005 |
20230906124909.0 |
| 008 |
230731s2022 hu om 0|| hun d |
| 040 |
|
|
|a SZTE Diploma Repozitórium
|b hun
|
| 041 |
|
|
|a hun
|
| 100 |
1 |
|
|a Jáki Martina Kata
|
| 245 |
1 |
3 |
|a Az Y és Z generáció foglalkoztatásának kérdései
|h [elektronikus dokumentum] /
|c Martina Kata Jáki
|
| 246 |
1 |
0 |
|a Questions of employment of generation Y and Z
|h [elektronikus dokumentum]
|
| 260 |
|
|
|c 2022
|
| 650 |
|
4 |
|a Jogi és igazgatási tanulmányok
|
| 650 |
|
4 |
|a Social sciences
|
| 650 |
|
4 |
|a Law
|
| 700 |
2 |
|
|a Majláthné Lippai Éva Jusztina
|e ths
|
| 856 |
4 |
0 |
|u https://diploma.bibl.u-szeged.hu/id/eprint/133796/1/2022_jaki_martina_kata.pdf
|z Dokumentum-elérés
|